Safe firefighting : first things first
This book talks about an training firefighting program. It is divided into three main levels of training, each progressively building upon the previous one as you proceed. The outcome we all want is a competent firefighter _ a firefighter who will safely and efficiently perform the best possible job...
সংরক্ষণ করুন:
| প্রধান লেখক: | |
|---|---|
| বিন্যাস: | গ্রন্থ |
| ভাষা: | Undetermined |
| প্রকাশিত: |
New York
McGraw-Hill
2007
|
| বিষয়গুলি: | |
| ট্যাগগুলো: |
ট্যাগ যুক্ত করুন
কোনো ট্যাগ নেই, প্রথমজন হিসাবে ট্যাগ করুন!
|
| Thư viện lưu trữ: | Trung tâm Học liệu Trường Đại học Cần Thơ |
|---|
| LEADER | 00869nam a2200205Ia 4500 | ||
|---|---|---|---|
| 001 | CTU_219647 | ||
| 008 | 210402s9999 xx 000 0 und d | ||
| 082 | |a 628.9 | ||
| 082 | |b K46 | ||
| 100 | |a Kidd, Steve | ||
| 245 | 0 | |a Safe firefighting : | |
| 245 | 0 | |b first things first | |
| 245 | 0 | |c Steve Kidd, John Czajkowski, Garry Briese | |
| 260 | |a New York | ||
| 260 | |b McGraw-Hill | ||
| 260 | |c 2007 | ||
| 520 | |a This book talks about an training firefighting program. It is divided into three main levels of training, each progressively building upon the previous one as you proceed. The outcome we all want is a competent firefighter _ a firefighter who will safely and efficiently perform the best possible job. | ||
| 650 | |a Fire service,Fire,Dịch vụ hoả hoạn,Lửa | ||
| 904 | |i Tuyến | ||
| 980 | |a Trung tâm Học liệu Trường Đại học Cần Thơ | ||